Bowsher's helping hand (Record no. 67067)

MARC details
000 -LEADER
fixed length control field 01341cam a2200241 4500
001 - CONTROL NUMBER
control field ABS63977
008 - FIXED-LENGTH DATA ELEMENTS--GENERAL INFORMATION
fixed length control field 000000n2001 000 0 eng u
035 ## - SYSTEM CONTROL NUMBER
System control number (Sirsi) u112674
100 ## - MAIN ENTRY--PERSONAL NAME
Personal name Redmond, J
245 ## - TITLE STATEMENT
Title Bowsher's helping hand
260 ## - PUBLICATION, DISTRIBUTION, ETC.
Date of publication, distribution, etc. 2001
490 ## - SERIES STATEMENT
Series statement Building
Volume/sequential designation 266(8184) 11 May 2001, 45(1)
520 ## - SUMMARY, ETC.
Summary, etc. Contests that Judge Bowsher's ruling in "Discain Project Services v Opecprime Development Ltd" has clarified issues for adjudicators rather than making matters more complex; adjudicators are entitled to do what is required to reach a decision within 28 days, but should ensure they do not appear to be biased. Provides an overview of the case which addressed the issue of telephone calls between the adjudicator and Discain. Bowsher's judgment cleared the adjudicator emphasising there was only perceived bias, not actual bias, and provided useful advice for the conduct of adjudicators in similar situations.
590 ## - LOCAL NOTE (RLIN)
Local note ABS
650 ## - SUBJECT ADDED ENTRY--TOPICAL TERM
Topical term or geographic name entry element DISCAIN PROJECT SERVICES LTD V OPECPRIME DEVELOPMENT LTD
650 ## - SUBJECT ADDED ENTRY--TOPICAL TERM
Topical term or geographic name entry element TELEPHONE
650 ## - SUBJECT ADDED ENTRY--TOPICAL TERM
Topical term or geographic name entry element COMMUNICATION
650 ## - SUBJECT ADDED ENTRY--TOPICAL TERM
Topical term or geographic name entry element IMPARTIALITY
650 ## - SUBJECT ADDED ENTRY--TOPICAL TERM
Topical term or geographic name entry element BIAS
650 ## - SUBJECT ADDED ENTRY--TOPICAL TERM
Topical term or geographic name entry element MANAGEMENT-DISPUTE AVOIDANCE, MANAGEMENT AND RESOLUTION-DISPUTE MANAGEMENT AND RESOLUTION-ALTERNATIVE DISPUTE RESOLUTION-ADJUDICATION
690 ## - LOCAL SUBJECT ADDED ENTRY--TOPICAL TERM (OCLC, RLIN)
Topical term or geographic name as entry element Dispute resolution
9 (RLIN) 6236
942 ## - ADDED ENTRY ELEMENTS (KOHA)
Suppress in OPAC 0
Holdings
Withdrawn status Lost status Source of classification or shelving scheme Damaged status Not for loan Home library Current library Shelving location Date acquired Total Checkouts Full call number Barcode Date last seen Copy number Price effective from Koha item type
    Dewey Decimal Classification     London London Journal article 21/05/2001   ABS63977 112674-1001 06/08/2019 1 06/08/2019 Journal article